| 000 | 00866cam a2200265 a 4500 | ||
|---|---|---|---|
| 999 |
_c25387 _d25387 |
||
| 001 | 4382166 | ||
| 003 | BDDh-ASL | ||
| 005 | 20231015030502.0 | ||
| 008 | 910912s1991 cau 000 0 eng | ||
| 010 | _a 91090473 | ||
| 020 | _a1877854123 | ||
| 040 |
_aDLC _cDLC _dBDDh-ASL |
||
| 050 | 0 | 0 |
_aBL1138.66 _b.S296 1991 |
| 082 | 0 | 0 |
_a294.5924 _220 _bGIB |
| 100 | 0 |
_aSatyeswarananda Giri, _cSwami. |
|
| 245 | 1 | 4 |
_aThe Bhagavad Gita : _binterpretations of Sriyukteswar / _cby Swami Satyeswarananda Giri. |
| 250 | _a1st ed. | ||
| 260 |
_aSan Diego, CA : _bSanskrit Classics, _c1991. |
||
| 300 |
_a328 p. : _c23 cm. |
||
| 440 | 0 | _aCommentaries series | |
| 630 | 0 | 0 |
_aBhagavadgīta _xCommentaries. |
| 906 |
_a7 _bcbc _corignew _d2 _eopcn _f19 _gy-gencatlg |
||
| 942 |
_2ddc _cBK |
||